000
00352 a2200169 4500
001
171737
020
_a
978-85-322-6253-0
040
_c
Magnum
100
_a
Galdino, Luiz
240
1
0
_a
Perdi meu amor
_l
por
245
1
0
_a
Perdi meu amor
300
_a
27
362
0
_a
2007
440
1
_a
FTD
697
_a
LITERATURA INFANTO-JUVENIL
942
_c
BK
999
_c
171737
_d
171737